Wizard of Oz Novels Quiz Stats

 Plays Quiz Updated Mar 10, 2020

Support Sporcle.
Go Orange.
Score 0/40 Timer 10:00
0 Plays Today
Order Book % Correct
1The Wonderful Wizard of Oz
97.6%
3Ozma of Oz
38.5%
9The Scarecrow of Oz
36.6%
14Glinda of Oz
27.5%
6The Emerald City of Oz
27.4%
2The Marvelous Land of Oz
27.2%
8Tik-Tok of Oz
24.6%
7The Patchwork Girl of Oz
23.8%
17The Cowardly Lion of Oz
22.5%
5The Road to Oz
22.1%
4Dorothy and the Wizard in Oz
19.8%
12The Tin Woodman of Oz
17.9%
13The Magic of Oz
15.6%
11The Lost Princess of Oz
14.6%
10Rinkitink in Oz
13.5%
20The Hungry Tiger of Oz
10.5%
23Jack Pumpkinhead of Oz
10.4%
21The Gnome King of Oz
10.2%
15The Royal Book of Oz
9.2%
16Kabumpo in Oz
8.9%
Order Book % Correct
38The Shaggy Man of Oz
8%
19The Lost King of Oz
7.9%
25Pirates in Oz
7.6%
27Ojo in Oz
7.5%
18Grampa in Oz
7.5%
26The Purple Prince of Oz
7.4%
31Handy Mandy in Oz
7.3%
22The Giant Horse of Oz
7.2%
24The Yellow Knight of Oz
7.1%
29The Wishing Horse of Oz
6.8%
33Ozoplaning with the Wizard of Oz
6.7%
30Captain Salt in Oz
6.7%
40Merry Go Round in Oz
6.7%
32The Silver Princess in Oz
6.6%
28Speedy in Oz
6.5%
36Lucky Bucky in Oz
6.3%
37The Magical Mimics in Oz
6%
39The Hidden Valley of Oz
5.6%
35The Scalawagons of Oz
5.5%
34The Wonder City of Oz
5.5%

From the Vault

Oscar Best Pictures All Time

by boknowsmovies

Movies 14m
Oscars are heavy. If there was an earthquake, someone could actually be killed by their own Academy Award.
Remove Ads.
Support Sporcle.
Get the best of Sporcle when you Go Orange. This ad-free experience offers more features, more stats, and more fun while also helping to support Sporcle. Thank you for becoming a member.

Show Comments

Extras

Top Quizzes Today


Score Distribution

Your Account Isn't Verified!

In order to create a playlist on Sporcle, you need to verify the email address you used during registration. Go to your Sporcle Settings to finish the process.

Report this User

Report this user for behavior that violates our Community Guidelines.

Details: